Economía internacional / Dominick Salvatore (Registro nro. 21212)

Detalles MARC
000 -LÍDER
fixed length control field 00478nam a2200157 4500
008 - ELEMENTOS DE LONGITUD FIJA -- INFORMACIÓN GENERAL
fixed length control field 01994 1995 0a 000 0COL
020 ## - NÚMERO INTERNACIONAL NORMALIZADO PARA LIBROS
ISBN 958-600-248.9
050 ## - SIGNATURA TOPOGRAFICA DE LA BIBLIOTECA DEL CONGRESO (LC)
Número de Clasificación HF1411 S222 1994
082 ## - NUMERO DE CLASIFICACION DECIMAL DEWEY
Número de Clasificación 338.88 S719e
100 ## - ASIENTO PRINCIPAL--NOMBRE PERSONAL
Nombre personal Salvatore, Dominick
245 ## - TÍTULO
Título Economía internacional / Dominick Salvatore
250 ## - MENCIÓN DE EDICIÓN
Mención de edición 4
260 ## - PUBLICACIÓN, DISTRIBUCIÓN, ETC. (PIE DE IMPRENTA)
Lugar de publicación, distribución, etc. Bogota, Colombia : McGraw Hill
300 ## - DESCRIPCIÓN FÍSICA
Extensión xxxvii, 777 p. / 23 cm.
650 ## - ASIENTO SECUNDARIO DE MATERIA - TERMINO TEMÁTICO
Término temático o nombre geográfico como elemento de entrada 1. ECONOMIA INTERNACIONAL 2. COMERCIO INTERNACIONAL
Existencias
No. biblioteca No. biblioteca Número de clasificación Código de barras/Número de adquisición Número de copia Tipo de material
LUIS G. INCLAN LUIS G. INCLAN 338.88 S719e 15763 1 Libros
Calzada Tecnológico # 27, Zacatepec, Morelos.
01(734) 343-07-23 / 343-21-10 / 343-21-11
Apdo. Postal 45 C.P 62780